| 000 | 00671nam a2200217Ii 4500 | ||
|---|---|---|---|
| 003 | JO-AjNU | ||
| 008 | 230606s9999||||xx |||||||||||||| ||und|| | ||
| 020 | _a0-13-196881-5 | ||
| 040 |
_aJO-AjNU _beng _erda _cJO-AjNU |
||
| 041 | _aeng | ||
| 050 | 1 | 4 | _aHF5821.W44 2006 |
| 100 | 3 |
_aWells,William / Moriarty,Sandra / Burnett,John, _eauthor _91706 |
|
| 245 | 0 | 0 | _aAdvertising: Principles & Practice |
| 250 | _a7th ed | ||
| 264 | 3 | 1 | _aNew Jersey: Prentice- Hall ,2006 |
| 300 |
_a592p _bIncludes glossary and indexes(p557-592) |
||
| 336 |
_atext _btxt _2rdacontent |
||
| 337 |
_aunmediated _bn _2rdamedia |
||
| 338 |
_avolume _bnc _2rdacarrier |
||
| 650 | 4 |
_aAdvertising _91707 |
|
| 999 |
_aE901 _c901 _d901 |
||